000 00854cam a22002771a 4500
001 gs 66000192
003 DLC
005 20260227111419.0
008 781109s1966 dcuab b 000 0 eng
010 _ags 66000192
035 _a(OCoLC)4360744
040 _aDLC
_cTxLoL
_dDNAL
_dOCoLC
_dDLC
042 _apremarc
050 0 0 _aTC801
_b.U2 no. 1648
051 _aTD224.A7
_bH3
070 0 _a407
_bG29W no.1648
072 0 _aP200
245 0 0 _aArizona water /
_cby J.W. Harshbarger ... [et al.].
260 _aWashington, D.C. :
_bU.S. G.P.O.,
_c1966.
300 _av, 85 p. :
_bill. (some col.), col. maps ;
_c24 cm.
440 0 _aGeological Survey water-supply paper ;
_v1648
504 _aBibliography : p. 81-84.
650 0 _aGroundwater
_zArizona.
650 0 _aWater-supply
_zArizona.
700 1 _aHarshbarger, J. W.
_q(John William),
_d1914-
999 _c30216
_d30216